| 000 | 01173nmm a2200205 i 4500 | ||
|---|---|---|---|
| 001 | 86243 | ||
| 003 | ES-MaACL | ||
| 005 | 20230906175414.0 | ||
| 007 | t| | ||
| 008 | 041220s2003 sp | | 001 0 spa d | ||
| 020 | _a84-95170-16-7 | ||
| 080 | _a930.85(086) | ||
| 245 | 0 | 0 |
_aGrandes civilizaciones [ _hRecurso electrónico]. |
| 260 |
_aMadrid : _bDolmen, _c[2003] |
||
| 300 |
_a12 discos compactos (CD-ROM) : _bson., col. ; _c12 cm. |
||
| 500 | _aRequerimientos mínimos: PcPentium II a 200 Mhz, 64 Mb de RAM, tarjeta gráfica de 4 Mb y monitor (1024 x 768 , 16 bits), CD-Rom 16x o superiores. Tarjeta de sonido. Sistema operativo Windows 95 o superior. Compatible con reproductor DVD con lector VCD. | ||
| 505 | 8 | _aContiene: 1. Alborear humano - 2. Tierra de faraones - 3. El esplendor griego - 4. La China milenaria - 5. La gloria de Roma - 6. El poder de la cruz - 7. La India, paraíso de los mil dioses - 8. Revelación islámica - 9. Los hijos de Abraham - 10. América: mundo nuevo en escena - 11. Los olvidados: África y Oceanía - 12. La revelación del sol naciente | |
| 650 | 4 |
_aCivilización- _vHistoria- _vCD-ROM. _911083 |
|
| 852 |
_aES-MaACL _jROT 1/7/1-12 |
||
| 999 |
_c86243 _d86243 |
||